000 00308nam a22001337a 4500
008 181023b xxu||||| |||| 00| 0 eng d
020 _a9780471530121
041 _aeng
080 _a510
100 _a37
101 _aMAT
245 _aPractice Algebra A self Teachung Guide
_cPeter.S
942 _2udc
_cBK
999 _c50659
_d50659